000 00356nam a2200181Ia 4500
100 _aSang/David/ Gibbs/D
650 _aPhysics
490 _v2
942 _cBK
366 _f10
654 _aphysics
245 _aPhysics 2
260 _bCambride University press
_c2001
082 _a530/SAN
300 _a166
546 _aENGLISH
999 _c26912
_d26912